000 00446nam a2200181Ia 4500
001 9494
005 20260306161722.0
008 260306t2011||||xx |||||||||||||| ||spa||
041 _aESP
082 _a379.4985
_bR46
100 _aToledo Manrrique, Alejandro
_eAUT
245 0 _aLa revolución de la educación 2011 2016
260 _c2011
300 _a130 páginas :
_c24 cm.
650 _aGEN
654 _aCED
942 _cLIB
_dJUS
_fJUS
_2ddc
_n
999 _c9494
_d9494